000 00659nam a22002177a 4500
003 OSt
005 20180314142205.0
008 141111b xxu||||| |||| 00| 0 eng d
020 _a0443058415
040 _cDNLM
082 _aWF 145 P53 1998
100 _aEdited by Pryor A. Jennifer; Prasad S. Ammani
_912523
245 _aPhysiotherapy for Respiratory and Cardiac Problems
250 _a2nd ed.
260 _aLondon;
_bChurchil livingstone,
_c1998.
300 _aviii, 524 p :
_bill ;
_c27 cm
504 _aIncludes Bibliographical references and Index.
650 _aPhysiotherapy.
_91959
650 _aCardiovascular system
_95636
942 _2z
_cSLOAN
999 _c1851
_d1851